00726cam a2200217u 450000100060000000300080000600500170001400800410003103500190007204000280009104100080011908200230012710000440015024500230019426000410021730000260025865000520028494200120033699900170034895201430036520509BD-RjUL20211209000556.0140301s1959 nyu 000 0 eng d a(BD-RjUL)20571 aDLCcCarPdBD-RjULbeng aeng a843.912bBAE 19591 aBalzac, Honoré de,d1799-1850.96324010aEugenie Grandet / aNew York :bR. Bonner's sons,c1959. axvi, 175 p. ;c19 cm. aFrench fiction Translations into English963241 2ddccBK c20509d20509 00102ddc40728FICaRUCLbRUCLcReadingd1990-10-25eShukat osmang0.00l0o843.912 BAE 1959r2014-03-01 00:00:00tC-1w2014-03-01yBK